000 00991cam a22003734a 4500
001
003 OSt
005 20220107122801.0
008 101122s2011 enka b 001 0 eng
010 _a
020 _a9781107447356
020 _a
035 _a
040 _a
_cIIITMK
042 _a
050 0 0 _b
082 0 0 _a003.3 GOM/S
_2
100 1 _aGomaa, Hassan.
_97083
245 1 0 _aSoftware modeling and design:
_bUML, use cases, patterns, and software architectures
_cHassan Gomaa.
260 _aDelhi,
_bCambridge University Press,
_c2011.
300 _axxv, 550 p.
_b
_c
504 _aIncludes bibliographical references and index.
520 _a
520 _a
650 0 _aCOMPUTER SOFTWARE
_x
_97084
650 0 _aSOFTWARE ARCHITECTURE
_97085
650 0 _a COMPUTER SIMULATION
_97086
650 0 _a SOFTWARE MODELING
_97087
650 0 _aSOFTWARE DESIGN
_97088
650 0 _aUML
_97089
856 4 2 _3
_u
942 _2ddc
_cBK
999 _c4740
_d4740